[Event "Madrid-ch Previa-B"]
[Site "Madrid"]
[Date "2017.02.25"]
[Round "9"]
[White "Moro Serrano, Federico"]
[Black "Dominguez Afonso, Ayraldo"]
[Result "0-1"]
[WhiteElo "1626"]
[BlackElo "1595"]
[PlyCount "168"]
[EventDate "2017.02.02"]
[EventType "swiss"]
[EventRounds "9"]
[EventCountry "ESP"]
[SourceTitle "EXT 2018"]
[Source "ChessBase"]
[SourceDate "2017.10.13"]
[SourceVersion "1"]
[SourceVersionDate "2017.10.13"]
[SourceQuality "1"]

1. d4 Nf6 2. c4 g6 3. Nc3 Bg7 4. e4 d6 5. Nf3 0-0 6. Be2 e5 7. d5 Nbd7 8. b4 a5 9. bxa5 Rxa5 10. 0-0 Nc5 11. Bg5 h6 12. Bxf6 Bxf6 13. Qd2 Bg7 14. Rfb1 f5 15. Bd3 Ra3 16. Bc2 f4 17. Nb5 Rxf3 18. gxf3 Bh3 19. Kh1 Qg5 20. Rg1 Qh5 21. Qc3 Rf7 22. Bd1 Bf6 23. a4 Bh4 24. Ra2 Rg7 25. a5 Bd8 26. Be2 Qh4 27. Qe1 Qh5 28. Ra3 g5 29. Bf1 Bc8 30. Rg2 g4 31. Be2 g3 32. fxg3 fxg3 33. f4 Qh4 34. Raxg3 Rxg3 35. Qxg3+ Qxg3 36. Rxg3+ Kh7 37. fxe5 dxe5 38. Nc3 Nb3 39. Bg4 Bxg4 40. Rxg4 Nxa5 41. c5 Nb3 42. Na4 Be7 43. Kg2 h5 44. Rg3 Nd2 45. Re3 Bg5 46. Re2 Kg7 47. Nb2 Nb3 48. Nd3 Be7 49. Nxe5 Nxc5 50. Kf3 Bd6 51. Nc4 Be7 52. Kf4 b5 53. Ne5 Bd6 54. Kf5 b4 55. Rg2+ Kf8 56. Rb2 Bxe5 57. Rxb4 Bxh2 58. Kf6 Nd7+ 59. Kg5 Bd6 60. Rb1 Kg7 61. Rg1 Nf6 62. Kf5+ Ng4 63. Kg5 Kf7 64. Kxh5 Nf6+ 65. Kh4 Nxe4 66. Rf1+ Kg6 67. Rg1+ Kf5 68. Rf1+ Ke5 69. Rd1 Nc3 70. Re1+ Kxd5 71. Kg5 c5 72. Kf5 c4 73. Rc1 Kd4 74. Ke6 Bf4 75. Rc2 Kd3 76. Rf2 Ne2 77. Rf3+ Be3 78. Rf8 Nd4+ 79. Kd5 Nb3 80. Rc8 Nc5 81. Ra8 Nb3 82. Ra3 Bc1 83. Ra2 c3 84. Rh2 Be3 0-1

[Event "Madrid-ch Previa-B"]
[Site "Madrid"]
[Date "2015.02.28"]
[Round "9"]
[White "Cuellar Gutierrez, Raul"]
[Black "Moro Serrano, Federico"]
[Result "1/2-1/2"]
[WhiteElo "1781"]
[BlackElo "1585"]
[PlyCount "106"]
[EventDate "2015.02.05"]
[EventType "swiss"]
[EventRounds "9"]
[EventCountry "ESP"]
[SourceTitle "EXT 2018"]
[Source "ChessBase"]
[SourceDate "2017.10.13"]
[SourceVersion "1"]
[SourceVersionDate "2017.10.13"]
[SourceQuality "1"]

1. c4 Nf6 2. Nc3 c5 3. Nf3 Nc6 4. e3 d5 5. cxd5 Nxd5 6. Bc4 Nxc3 7. bxc3 Bg4 8. 0-0 e5 9. h3 Bh5 10. Be2 e4 11. Nh2 Bxe2 12. Qxe2 g6 13. f3 Qd3 14. Qf2 f5 15. fxe4 Qxe4 16. Nf3 0-0-0 17. d4 Bh6 18. Kh1 Rhe8 19. Re1 g5 20. dxc5 Rd3 21. Nd4 Nxd4 22. cxd4 Rxd4 23. Bb2 Rc4 24. Rac1 Rxc1 25. Rxc1 Qxe3 26. Qxf5+ Qe6 27. Qxe6+ Rxe6 28. Rc2 Kc7 29. Rf2 Re7 30. Kh2 Bg7 31. Bxg7 Rxg7 32. Kg3 Kc6 33. Rc2 h5 34. h4 Kd5 35. hxg5 Rxg5+ 36. Kh4 Re5 37. Rb2 Kc6 38. Rc2 Rf5 39. a3 Kb5 40. Rc3 a5 41. Rb3+ Ka4 42. Rxb7 Kxa3 43. c6 Rc5 44. c7 a4 45. Rb5 Rxc7 46. Kxh5 Ka2 47. g4 Rc2 48. g5 a3 49. g6 Rb2 50. Ra5 Rh2+ 51. Kg5 Kb2 52. g7 Rg2+ 53. Kf6 a2 1/2-1/2